00915nam a2200277Ia 4500001000900000003000500009005001700014008004100031010001100072020001800083040000900101082002000110100002000130245013800150260003100288300001700319400001000336500008300346503000800429504002700437650003200464650002300496650003500519650004800554700003500602dia_1548CHAP20251023165143.0220117s1994 xx 000 0 und d a172091 a968-26-1247-0 cCHAP a697.93 P58 1994 aPita, Edward G. aAcondicionamiento de aire principios y sistemas : un enfoque energético /c Edward G. Pita ; traducción Virgilio González Pozo aMéxico :b CECSA,c1994 axvii, 548 p. a548 P aTítulo original: Air conditioning principles and systems: an energy approach aC/e aBibliografía: p. 515 aAcondicionamiento de aire  aAir conditioning  aBuildingsxEnergy conservation aEdificiosxConservación de la energía  aGonzález Pozo, Virgilio, tr.